| 000 | 00936nam a2200289 a 4500 | ||
|---|---|---|---|
| 003 | AR-BaBNM | ||
| 005 | 20251128210337.0 | ||
| 008 | 082120s2002 ||||||||||||||000 | spa|| | ||
| 020 | _a84-85851-54-4 | ||
| 040 | _cAR-BaBNM | ||
| 100 | 1 | _aAlvarez Rojo, Víctor | |
| 245 | 0 | 0 |
_aOrientación educativa y acción orientadora _brelaciones entre la teoría y la práctica |
| 260 |
_aMadrid _bEos _c[ca. 1995] |
||
| 300 |
_a259 p. _btablas, diagr. |
||
| 490 | 0 |
_aFundamentos psicopedagógicos _vv. 8 |
|
| 500 | _aContiene referencias bibliográficas al final de cada capítulo | ||
| 650 | 4 | _aTEORIAS DE LA ORIENTACION | |
| 650 | 4 | _aFUNCIONES DE LA ORIENTACION | |
| 650 | 4 | _aOBJETIVOS DE LA ORIENTACION | |
| 650 | 4 | _aFILOSOFIA DE LA EDUCACION | |
| 650 | 4 | _aHISTORIA | |
| 653 | _aORIENTACION EDUCATIVA | ||
| 653 | _aINVESTIGACION EDUCATIVA | ||
| 800 | 1 |
_aMartínez García, Miguel _edirector |
|
| 942 | _cBK | ||
| 998 | _cRaquel | ||
| 999 |
_c15054 _d15054 |
||